MESTSKÁ KNIŽNICA GIRALTOVCE  - online katalóg 

Základy sociologie práva / (Record no. 23974)

000 -NÁVESTIE
fixed length control field 01182nam a2200313 a 4500
001 - EVIDENČNÉ ČÍSLO ZÁZNAMU - Kontrolné číslo
control field cpk19970184228
005 - DÁTUM A ČAS POSLEDNEJ TRANSAKCIE
control field 20251024081145.0
007 - POLE PEVNEJ DĹŽKY PRE FYZICKÝ POPIS – VŠEOBECNE
fixed length control field tu
008 - ÚDAJE S PEVNOU DĹŽKOU – VŠEOBECNÉ INFORMÁCIE
fixed length control field 970205s1996 xr e p 000 0 cze
020 ## - MEDZINÁRODNÉ ŠTANDARDNÉ ČÍSLO KNIHY (ISBN)
Medzinárodné štandardné číslo knihy (ISBN) 8021014598
Qualifying information (Masarykova univerzita ;
-- brož.)
020 ## - MEDZINÁRODNÉ ŠTANDARDNÉ ČÍSLO KNIHY (ISBN)
Medzinárodné štandardné číslo knihy (ISBN) 8085765691
Qualifying information (Doplněk ;
-- brož.)
035 ## - Iný štandardný identifikátor
Iný štandardný identifikátor (OCoLC)37250402
040 ## - ZDROJ KATALOGIZÁCIE
Pôvodná katalogizujúca agentúra ABA001
Jazyk katalogizácie cze
Prepisujúca agentúra sk
072 #7 - KÓD PREDMETOVEJ KATEGÓRIE
Kód predmetovej kategórie 34
Pododdiel kódu predmetovej kategórie Právo
Zdroj Konspekt
080 ## - ČÍSLO MEDZINÁRODNÉHO DESATINNÉHO TRIEDENIA (MDT)
Číslo Medzinárodného desatinného triedenia (MDT) 340
Identifikátor vydania undef
100 1# - OSOBNÉ MENÁ – VŠEOBECNÉ INFORMÁCIE
Osobné meno Večeřa, Miloš,
Dátumy súvisiace s menom 1949-
Kód roly aut
-- 5105
245 10 - NÁZOV
Názov Základy sociologie práva /
Údaj o zodpovednosti atď. Miloš Večeřa, Martina Urbanová
250 ## - ÚDAJ O PORADÍ VYDANIA
Údaj o poradí vydania Vyd. 1.
260 ## - VYDAVATEĽSKÉ ÚDAJE, DISTRIBÚCIA ATĎ.
Miesto publikovania, distribúcie atď. Brno :
Názov vydavateľa, distibútora atď. Doplněk,
Dátum publikovania, distribúcie atď. 1996
300 ## - FYZICKÝ POPIS
Rozsah 207 s. ;
Rozmery 21 cm
490 1# - EDÍCIA
Edícia Edice učebnic Právnické fakulty Masarykovy univerzity v Brně ;
Zväzok/sekvenčné označenie sv. 159
500 ## - VŠEOBECNÁ POZNÁMKA
Formátovaná poznámka o obsahu Pozn.
500 ## - VŠEOBECNÁ POZNÁMKA
Formátovaná poznámka o obsahu Vydavatel: Masarykova univerzita, Právnická fakulta
650 07 - PRIDANÝ VSTUP – PREDMET – TEMATICKÉ HESLO
Tematické heslo alebo geografický názov ako vstupný prvok právní sociologie
Zdroj hesla alebo termínu czenas
-- 5106
655 #7 - INDEXAČNÝ TERMÍN – ŽÁNER/FORMA
Údaje o žánri/forme alebo termín, ktorý je prvok fazety učebnice vysokých škol
Zdroj termínu czenas
-- 3091
700 1# - PRIDANÝ VSTUP – OSOBNÉ MENO
Osobné meno Urbanová, Martina,
Dátumy súvisiace s menom 1962-
Kód roly aut
-- 5107
710 2# - PRIDANÝ VSTUP – KORPORATÍVNE MENO
Korporatívne meno alebo meno jurisdikcie ako vstupný prvok Masarykova univerzita.
Podriadená jednotka Právnická fakulta
-- 5108
856 41 - ELEKTRONICKÁ LOKÁCIA A PRÍSTUP
Uniformný identifikátor zdroja <a href="http://krameriusndk.nkp.cz/search/handle/uuid:d4e7fd70-c610-11e8-bbaa-005056827e52">http://krameriusndk.nkp.cz/search/handle/uuid:d4e7fd70-c610-11e8-bbaa-005056827e52</a>
Text prepojenia Digitalizovaný dokument
Holdings
Stav stiahnutia (Blokovanie) (Withrawn status) Stav straty Zdroj klasifikácie pre skladovanie Stav poškodenia (Damaged status) Nie pre výpožičky (Not for loan) Spôsob nadobudnutia (Collection code) Trvalé umiestnenie Aktuálne umiestnenie Dátum nadobudnutia Inventárne číslo (prírastkové číslo) Celkom výpožičky Celkom prolongácie (predĺženia) Full call number Čiarový kód Vypožičaných Dátum posledného výskytu Dátum poslednej výpôžičky Cena s účinnosťou od Typ jednotky Koha
          Dar Mestská knižnica Giraltovce Mestská knižnica Giraltovce 2025-10-24 22330 1 4 S1602 S1602 2026-02-17 2025-11-07 2025-11-07 2025-10-24 Odborná literatúra pre dospelých

Powered by Koha